Историография истории Росии до 1917 года (Запис № 321825)

МАРК-запис
000 -Лідер
fixed length control field 00734nam a22002537a 4500
001 - Контрольний номер
control field 35463
003 - Ідентифікатор контрольного номера
control field UA-OsUOA
005 - Дата та час останнього входження (трансакції)
control field 20211014202759.0
007 - Фіксоване поле фізичного опису
fixed length control field ta
008 - Елементи даних фіксованої довжини – загальна інформація
fixed length control field 20051130b un ||||| |||| 00| 0 ukr d
020 ## - Міжнародний стандартний книжковий номер (ISBN)
Міжнародний стандартний книжковий номер (ISBN) (НП) 5691009532
040 ## - Джерело каталогізації
Агенція оригінальної каталогізації UA-OsUOA
Мова каталогізації rus
Агенція, яка здійснювала перезапис UA-OsUOA
Агенція, яка здійснювала модифікацію UA-OsUOA
041 ## - Код мови
Код мови тексту/ звукової доріжки чи окремого заголовка (П) rus
080 ## - Індекс Універсальної десяткової класифікації
Індекс Універсальної десяткової класифікації (УДК) (НП) 930.2(470+571)
090 ## - Локальний шифр розміщення
Класифікаційний індекс УДК 930.2(470+571)
Авторський знак (НП) И90
245 ## - Відомості про назву
Назва (НП) Историография истории Росии до 1917 года
Решта назви (НП) в 2-х т.
Дані про відповідальність (НП) под ред. Лачаэвой М.
260 ## - Публікація, розповсюдження і т.п. (Вихідні дані)
Місце публікації, розповсюдження і т.п. (П) М.
Ім’я/ наймення видавництва, розповсюджувача і т.п. (П) Владос
Дата публікації, розповсюдження і т.п. (П) 2004
300 ## - Фізичний опис
Обсяг 383 с.
505 ## - Форматована примітка про зміст
Змішана інформація Т.2
650 #7 - Додаткове предметне введення – тематичний термін
Тематичний термін чи географічна назва, як елемент введення (НП) 94 Історія
Джерело заголовка чи терміна UDC
942 ## - Додаткові елементи входу (Коха)
Тип елемента Koha Книги
Source of classification or shelving scheme Universal Decimal Classification
955 ## - Код типу видання за змістом
Код типу видання за змістом (НП) Навчальні видання
Фонди
Стан вилучень Стан втрат Джерело класифікації або схеми стелажів Стан уражень Не для кредиту Постійне місце розташування Поточне розміщення Дата придбання Джерело придбання Вартість, звичайна ціна покупки Інвентарний номер Усього замовленно Повний номер виклику Штрих-код Дата останнього перегляду Ціна ефективна від Тип елемента Koha
    Universal Decimal Classification     АБ - Абонемент НБ АБ - Абонемент НБ 30/11/2005 140/2005 24.40 89030   930.2(470+571) И90 89030 04/05/2022 30/11/2005 Книги
    Universal Decimal Classification     АБ - Абонемент НБ АБ - Абонемент НБ 30/11/2005 140/2005 24.40 89031   930.2(470+571) И90 89031 18/01/2022 30/11/2005 Книги
    Universal Decimal Classification     АБ - Абонемент НБ АБ - Абонемент НБ 30/11/2005 140/2005 24.40 89032   930.2(470+571) И90 89032 04/05/2022 30/11/2005 Книги
    Universal Decimal Classification     АБ - Абонемент НБ АБ - Абонемент НБ 30/11/2005 140/2005 24.40 89033   930.2(470+571) И90 89033 18/01/2022 30/11/2005 Книги
    Universal Decimal Classification     АБ - Абонемент НБ АБ - Абонемент НБ 30/11/2005 140/2005 24.40 89034   930.2(470+571) И90 89034 18/01/2022 30/11/2005 Книги
    Universal Decimal Classification     ЧЗ - Читальна зала ЧЗ - Читальна зала 30/11/2005 140/2005 24.40 89025   930.2(470+571) И90 89025 07/02/2022 30/11/2005 Книги
    Universal Decimal Classification     ЧЗ - Читальна зала ЧЗ - Читальна зала 30/11/2005 140/2005 24.40 89026   930.2(470+571) И90 89026 07/02/2022 30/11/2005 Книги
    Universal Decimal Classification     ЧЗ - Читальна зала ЧЗ - Читальна зала 30/11/2005 140/2005 24.40 89027   930.2(470+571) И90 89027 07/02/2022 30/11/2005 Книги
    Universal Decimal Classification     ЧЗ - Читальна зала ЧЗ - Читальна зала 30/11/2005 140/2005 24.40 89028   930.2(470+571) И90 89028 07/02/2022 30/11/2005 Книги
    Universal Decimal Classification     ЧЗ - Читальна зала ЧЗ - Читальна зала 30/11/2005 140/2005 24.40 89029   930.2(470+571) И90 89029 07/02/2022 30/11/2005 Книги